50 Largest Countries on the Blue World Map Quiz - Statistics

General Stats
  • This quiz has been taken 1,193 times
  • The average score is 25 of 50
Answers on the Map
Answers color-coded by a green-red scale on the quiz's map according to % correct below.
 
Answer Stats
Answer % Correct
Russia
86%
Canada
82%
United States
79%
Australia
73%
Brazil
73%
China
73%
India
67%
Algeria
60%
Argentina
60%
Kazakhstan
59%
Mongolia
56%
Mexico
53%
Iran
52%
D.R. Congo
51%
Thailand
51%
Peru
50%
Saudi Arabia
50%
Afghanistan
48%
Indonesia
48%
Pakistan
48%
S. Africa
48%
Ukraine
48%
Yemen
48%
Chad
47%
Sudan
47%
Bolivia
46%
Egypt
46%
France
46%
Madagascar
46%
Mali
46%
Niger
46%
Somalia
46%
Turkey
46%
Chile
45%
Libya
45%
Colombia
44%
Ethiopia
44%
Namibia
44%
Angola
43%
Kenya
43%
Mauritania
43%
Myanmar
43%
Mozambique
42%
Nigeria
42%
S. Sudan
42%
Botswana
41%
C. African Rep.
41%
Venezuela
41%
Tanzania
39%
Zambia
38%
No matching quizzes found
Score Distribution
Percent of People with Each Score
Percentile by Number Answered
Your Score History
You have not taken this quiz